000
00243nam a22001217a 4500
082
_a
891.4392
100
_a
Bano Qudsia
245
_a
Aadhi Baat
260
_a
Lahore
_b
Sang e Meel
_c
2010.
300
_b
22cm
500
_a
Hardcover.
942
_c
BK
999
_c
33071
_d
33071